000 01700nam a2200517 i 4500
001 38138
003 KOSZ 005
005 20220309133512.0
008 001124s2000 pl a |000 0 pol
015 _aUWD 2000/22699
020 _a8385428577
035 _a991015193969705066
035 _a(PL-WaBN)b14081131-48omnis_nlop
035 _ab14081131
035 _a(OCoLC)749830120
035 _azz2005841170
035 _a(PL)b0000001408113
035 _a(EXLNZ-48OMNIS_NETWORK)9910373010505606
040 _aWA N
_cWA N
_dLUBL KUL
_dKOSZ 005/HR
041 0 _apol
_beng
046 _k2000
080 _a005.2
080 _a(07)
100 1 _aBratnicki, Mariusz
_d(1947-2020)
_eAutor
245 1 0 _aKompetencje przedsiębiorstwa :
_bod określenia kompetencji do zbudowania strategii /
_cMariusz Bratnicki.
260 _aWarszawa :
_b"Placet",
_c2000.
300 _a156 s. :
_bil. ;
_c24 cm.
336 _aTekst
_btxt
_2rdacontent
337 _aBez urządzenia pośredniczącego
_bn
_2rdamedia
338 _aWolumin
_bnc
_2rdacarrier
380 _aKsiążki
388 _a1901-2000
388 _a1989-2000
490 1 _aBiblioteka Biznesmena
500 _aNa okł. podtyt.: między nadzieją a strachem : budowanie mapy kompetencji.
504 _aBibligr.
546 _aStreszcz. ang.
650 7 _aZarządzanie strategiczne
_2DBN
655 7 _aPodręcznik
_2DBN
658 _aZarządzanie i marketing
710 2 _aWydawnictwo Placet
_4pbl
830 0 _aBiblioteka Biznesmena
856 _uhttp://koha.tu.koszalin.pl/cgi-bin/koha/opac-detail.pl?biblionumber=38138
_yKatalog online BPK
942 _2UKD
_cKS
999 _c38138
_d38138